Statistics for Taylor Swift Folklore Songs

Click here to take the quiz!

General Stats

  • This quiz has been taken 6,598 times
  • The average score is 15 of 17

Answer Stats

Track NumberAnswer% Correct
2cardigan
97%
1the 1
97%
8august
95%
14betty
95%
17 (deluxe only)the lakes
92%
3the last great american dynasty
90%
16hoax
88%
6mirrorball
88%
7seven
87%
4exile (feat. Bon Iver)
86%
5my tears ricochet
85%
15peace
85%
10illicit affairs
83%
9this is me trying
83%
11invisible string
82%
13epiphany
79%
12mad woman
76%

Score Distribution

Percentile by Number Answered

Percent of People with Each Score

Your Score History

You have not taken this quiz